<?xml version="1.0" encoding="UTF-8"?>
<record
    xmlns:xsi="http://www.w3.org/2001/XMLSchema-instance"
    xsi:schemaLocation="http://www.loc.gov/MARC21/slim http://www.loc.gov/standards/marcxml/schema/MARC21slim.xsd"
    xmlns="http://www.loc.gov/MARC21/slim">

  <leader>00450nam a22001577a 4500</leader>
  <controlfield tag="005">20251120155342.0</controlfield>
  <controlfield tag="008">251120b        |||||||| |||| 00| 0 eng d</controlfield>
  <datafield tag="020" ind1=" " ind2=" ">
    <subfield code="a">979-8-88715-118-2</subfield>
  </datafield>
  <datafield tag="100" ind1=" " ind2=" ">
    <subfield code="a">NORRIS, ELSA</subfield>
  </datafield>
  <datafield tag="245" ind1=" " ind2=" ">
    <subfield code="a">CATERING HOSPITALITY INDUSTRY AND TOURISM MANAGEMENT</subfield>
  </datafield>
  <datafield tag="260" ind1=" " ind2=" ">
    <subfield code="a">DUBLIN, OH</subfield>
    <subfield code="b">ORYSON, PRESS</subfield>
    <subfield code="c">2023</subfield>
  </datafield>
  <datafield tag="300" ind1=" " ind2=" ">
    <subfield code="a">VIII, 298P.</subfield>
  </datafield>
  <datafield tag="500" ind1=" " ind2=" ">
    <subfield code="a">INCLUDES INDEX</subfield>
  </datafield>
  <datafield tag="650" ind1=" " ind2=" ">
    <subfield code="a">HOSPITALITY INDUSTRY-MANAGEMENT</subfield>
  </datafield>
  <datafield tag="942" ind1=" " ind2=" ">
    <subfield code="2">lcc</subfield>
    <subfield code="c">BK</subfield>
  </datafield>
  <datafield tag="999" ind1=" " ind2=" ">
    <subfield code="c">216238</subfield>
    <subfield code="d">216238</subfield>
  </datafield>
  <datafield tag="952" ind1=" " ind2=" ">
    <subfield code="0">0</subfield>
    <subfield code="1">0</subfield>
    <subfield code="2">lcc</subfield>
    <subfield code="4">0</subfield>
    <subfield code="6">TX09113 N67  02023</subfield>
    <subfield code="7">0</subfield>
    <subfield code="8">SCT</subfield>
    <subfield code="9">373519</subfield>
    <subfield code="a">KSUL</subfield>
    <subfield code="b">KSUL</subfield>
    <subfield code="d">2025-11-20</subfield>
    <subfield code="i">109938</subfield>
    <subfield code="l">0</subfield>
    <subfield code="o">TX 911.3 .N67 2023</subfield>
    <subfield code="p">000000000948</subfield>
    <subfield code="r">2025-11-20 15:56:00</subfield>
    <subfield code="t">1</subfield>
    <subfield code="w">2025-11-20</subfield>
    <subfield code="y">BK</subfield>
  </datafield>
  <datafield tag="952" ind1=" " ind2=" ">
    <subfield code="0">0</subfield>
    <subfield code="1">0</subfield>
    <subfield code="2">lcc</subfield>
    <subfield code="4">0</subfield>
    <subfield code="6">TX09113 N67  02023</subfield>
    <subfield code="7">0</subfield>
    <subfield code="8">SCT</subfield>
    <subfield code="9">373520</subfield>
    <subfield code="a">KSUL</subfield>
    <subfield code="b">KSUL</subfield>
    <subfield code="d">2025-11-20</subfield>
    <subfield code="i">109939</subfield>
    <subfield code="l">0</subfield>
    <subfield code="o">TX 911.3 .N67 2023</subfield>
    <subfield code="p">000000000741</subfield>
    <subfield code="r">2025-11-20 15:59:11</subfield>
    <subfield code="t">2</subfield>
    <subfield code="w">2025-11-20</subfield>
    <subfield code="y">BK</subfield>
  </datafield>
  <datafield tag="952" ind1=" " ind2=" ">
    <subfield code="0">0</subfield>
    <subfield code="1">0</subfield>
    <subfield code="2">lcc</subfield>
    <subfield code="4">0</subfield>
    <subfield code="6">TX09113 N67  02023</subfield>
    <subfield code="7">0</subfield>
    <subfield code="8">SCT</subfield>
    <subfield code="9">373521</subfield>
    <subfield code="a">KSUL</subfield>
    <subfield code="b">KSUL</subfield>
    <subfield code="d">2025-11-20</subfield>
    <subfield code="i">109940</subfield>
    <subfield code="l">0</subfield>
    <subfield code="o">TX 911.3 .N67 2023</subfield>
    <subfield code="p">000000000742</subfield>
    <subfield code="r">2025-11-20 15:59:00</subfield>
    <subfield code="t">3</subfield>
    <subfield code="w">2025-11-20</subfield>
    <subfield code="y">BK</subfield>
  </datafield>
</record>
